000 00622cam a22001931 4500
001 45509
090 _a45509
100 _a19940104d1945 m y0pory5003 ba
101 0 _apor
102 _aPT
200 1 _aConceito actual da ciência veterinária
_fJoaquim Fiadeiro
210 9 _aLisboa
_cEdições Cosmos,
_d1945
215 _a115 p.
_cil.
_d19 cm
225 2 _aBiblioteca Cosmos
_v82
_h7.ª secção
_iProblemas do nosso tempo. Produção e Industria Animal na civilização Humana
675 _a619(035)
675 _a614.9
_vBN
_zpor
700 1 _aFiadeiro,
_bJoaquim Barradas da Silva,
_f1901-1990
801 0 _aPT
_bBN
_gRPC
990 _cLIVROS